Samia all songs - Statistics

General Stats
  • This quiz has been taken 23 times
    22 since last reset
  • The average score is 31 of 60
Answer Stats
# The Baby % Correct
# Honey
100%
8 Honey
100%
1 Pool
100%
(Single) Pool - Stripped
100%
3 Big Wheel
89%
6 Triptych
89%
10 Amelia
78%
10 Carousel
78%
11 Is There Something in the Movies?
78%
(Single, Full Band Version) Is There Something in the Movies? - Full Band Version
78%
4 Lizard
78%
9 Winnebago
78%
2 Bovine Excision
67%
7 Breathing Song
67%
2 Charm You
67%
8 Craziest Person
67%
5 Dare
67%
2 Fit N Full
67%
1 Kill Her Freak Out
67%
4 Limbo Bitch
67%
10 Minnesota
67%
12 North Poles
67%
13 Pants
67%
5 Sea Lions
67%
8 Waverly
67%
7 Does Not Heal
56%
11 Dream Song
56%
6 Fair Game
56%
3 Hole In A Frame
56%
(Single) Milk
56%
(Single) Someone Tell the Boys
56%
7 Spine Oil
56%
5 Stellate
56%
6 To Me It Was
56%
(From Scout EP) As You Are
44%
1 Biscuits Intro
44%
4 Mad At Me
44%
(Single, Twin Peaks cover) Making Breakfast
44%
9 Nanana
44%
3 Pink Balloon
44%
9 Sacred
44%
(Single) Cinder Block
33%
(Single) Django
33%
(From Scout EP) Elephant
33%
(Single) Maps
33%
11 Proof
33%
(From Scout EP) Show Up
33%
(Single) The Night Josh Tillman Listened to My Song
33%
(Single) 21
22%
# Bloodless
22%
(Single, with Rachael Jenkins) Born on a Train
22%
(Single) Country
22%
(Single) Desperado
22%
(Single) Ode to Artifice
22%
(Single) Lasting Friends
11%
# Misc.
11%
(Single) Never Said
11%
(Single) Paris
11%
(From Scout EP, with Jelani Aryeh) The Promise
11%
(Single) Welcome to Eden
0%
No matching quizzes found
Score Distribution
Percent of People with Each Score
Percentile by Number Answered
Your Score History
You have not taken this quiz since the last reset